[Event "Mashhad Ferdowsi op 6th"]
[Site "Mashhad"]
[Date "2016.01.29"]
[Round "1"]
[White "Shahdadi, Mohamad"]
[Black "Ghaem Maghami, Ehsan"]
[Result "0-1"]
[WhiteElo "1520"]
[BlackElo "2594"]
[PlyCount "40"]
[EventDate "2016.01.29"]
[EventType "swiss"]
[EventRounds "9"]
[EventCountry "IRI"]
[SourceTitle "CBM 170 Extra"]
[Source "ChessBase"]
[SourceDate "2016.02.25"]
[SourceVersion "1"]
[SourceVersionDate "2016.02.25"]
[SourceQuality "1"]

1. e4 c5 2. Nc3 a6 3. Be2 b5 4. Nf3 Bb7 5. d3 e6 6. Ng5 h6 7. Nf3 Nc6 8. e5 Nge7 9. Be3 Nf5 10. Bf4 g5 11. Bg3 g4 12. Nd2 Nxg3 13. hxg3 Nxe5 14. Nce4 f5 15. Nc3 Bxg2 16. Rh2 Bc6 17. f3 gxf3 18. Nxf3 Qc7 19. Nxe5 Qxe5 20. Rh4 Qxg3+ 0-1